00347nam a2200121Ia 4500003000400000008004100004020002600045040000800071100001800079245007200097260004600169300001000215LDD181101s9999 xx 000 0 und d a9789350737606c200.00 cLDD aSattan, Abdus 0aUrdu shair-o-adab men Hindustaniyat aur hubbul watanicAbdus Sattan aDelhibEducational Publishing Housec2016 a136p.